000 00877nam a2200265 a 4500
001 000013328
003 OSt
005 20260519110247.0
008 091123s1983 dr a 000 h spa d
040 _aDO-SdBNP
_bspa
_cBNPHU
082 _aRD867.44
_bP438e, 1983
100 1 _aPérez, Mario Emilio,
_d1935-
_922183
245 1 0 _aEstampas dominicanas :
_b(cuarta entrega) /
_cMario Emilio Pérez ; prólogo, Marianne Tolentino.
250 _a2a ed.
260 _aSanto Domingo :
_bTaller,
_c1983.
300 _a187 p. :
_bil. ;
_c20 cm.
490 1 _aBiblioteca Taller
_v65
500 _aCuarta entrega
650 7 _aHumorismo dominicano
_9275
_2LEM
650 7 _aLiteratura folclórica dominicana
_926923
_2LEMB
700 1 _aTolentino, Mariannne,
_cpról.
_930525
830 0 _aBiblioteca Taller
_v65
_9164
910 _aValidado. Control de calidad BNPHU
942 _2ddc
_cLBS1
999 _c12957
_d12957